| 000 | 00927nam a22002417a 4500 | ||
|---|---|---|---|
| 999 |
_c17434 _d17434 |
||
| 003 | AR-CdUCM | ||
| 008 | 190508b ||||| |||| 00| 0 spa d | ||
| 040 |
_aMUNICIPALIDAD PROVINCIAL DEL CUSCO _cBIBLIOTECA MUNICIPAL DEL CUSCO |
||
| 041 | _heng | ||
| 082 |
_a301.19 / _bD65 |
||
| 100 |
_aDewey, John _96029 |
||
| 245 |
_aNaturaleza humana y conducta : _bintroducción a la psicología social / |
||
| 260 |
_aMéxico, D.F : _bFondo de Cultura Económica, _c1964. |
||
| 300 |
_a307 páginas ; _c17 cm. |
||
| 440 |
_aNaturaleza y conducta _n117 _937449 |
||
| 505 | _aConducta: El lugar del habito en la conducta -- El lugar del impulso en la conducta -- El lugar de la inteligencia en la conducta... | ||
| 650 |
_aPsicología social _94539 |
||
| 650 |
_aHábitos _933885 |
||
| 650 |
_aCiencias sociales _91096 |
||
| 700 |
_aCastillo Dibildox, Rafael (traducción) _915782 |
||
| 942 |
_2ddc _cLIBROS |
||
| 945 |
_adavv _d2019-05-08 |
||